[Event "FIDE Women's World Teams"]
[Site "Mardin TUR"]
[Date "2011.12.22"]
[Round "5.14"]
[White "Ju, Wenjun"]
[Black "Kosintseva, Tatiana"]
[Result "1-0"]
[WhiteElo "2543"]
[BlackElo "2526"]
[Annotator "Mueller,Karsten"]
[PlyCount "121"]
[EventDate "2011.12.18"]
[EventType "tourn"]
[EventRounds "9"]
[EventCountry "TUR"]
[Source "Chess Today"]
[SourceDate "2011.12.22"]
[WhiteTeam "China"]
[BlackTeam "Russia"]
[WhiteTeamCountry "CHN"]
[BlackTeamCountry "RUS"]

1. d4 Nf6 2. c4 e6 3. g3 d5 4. Bg2 Be7 5. Nf3 O-O 6. O-O dxc4 7. Ne5 Nc6 8.
Nxc6 bxc6 9. Na3 Bxa3 10. bxa3 Ba6 11. Qd2 Rb8 12. Qa5 Rb6 13. a4 Qe7 14. Qc3
Rd8 15. Ba3 Qd7 16. Bc5 Nd5 17. Qa5 Bc8 18. Bxb6 cxb6 19. Qd2 b5 20. Qa5 a6 21.
axb5 cxb5 22. a4 Bb7 23. Rfb1 Bc6 24. e4 Nc7 25. axb5 Bxb5 26. Rd1 Rc8 27. d5
e5 28. Qc3 Qd6 29. Bh3 Rd8 30. Rf1 Re8 31. Rfc1 Na8 32. Qa3 Qxa3 33. Rxa3 Nb6
34. d6 Rd8 35. Rd1 Na4 36. f4 Nb2 37. Rd5 exf4 38. e5 Nd3 39. e6 fxe6 40. Bxe6+
Kh8 41. Rd4 g5 42. gxf4 Nxf4 43. Bxc4 Bxc4 44. Rxc4 Rxd6 45. Rc7 Rf6 46. Re3
Ng6 47. Re8+ Nf8 48. Ra8 Kg8 {The King is coming  An extra exhange usually is
a large advantage in the endgame:} 49. Kg2 $5 {Ju starts the invasion of her
king.} Rf7 50. Raa7 Rxc7 51. Rxc7 {In this open position White's rook is much
superior to the knight and as Black can not construct a fortress on the
kingside she is lost:} Ne6 (51... Ng6 52. Kg3 Ne5 53. Rc5 Nf7 54. Kg4 Kg7 55.
Kf5 Nh6+ (55... Nd6+ 56. Ke6 Ne4 57. Rc2 g4 58. Ke5 Ng5 59. Kf5 $18) 56. Kxg5
Nf7+ 57. Kf4 $18) 52. Ra7 Ng7 (52... Nd4 {is similar to the game, e.g.} 53. Kg3
h5 54. Rd7 Nf5+ (54... Ne6 55. Re7 Nf8 56. Re5 Nh7 57. Kf3 Kf7 58. Ke4 Kg6 59.
Re6+ Kf7 60. Rxa6 h4 61. Kf5 $18) 55. Kf3 Ng7 56. Ke4 h4 57. Kf3 Ne8 58. Rd8
Kf7 59. Kg4 Ke7 60. Rd1 Kf6 61. Rd5 $18) 53. Kf3 h5 $6 ({After} 53... h6 $5 54.
Rxa6 Kh7 55. Kg4 {White's king will also invade, but it is more difficult to
storm the barricades, e.g.} Ne8 56. Kf5 Ng7+ 57. Kf6 Nh5+ 58. Kf7 Nf4 59. Ra7
Nh5 60. Re7 Nf4 61. Kf6+ Kg8 62. Rd7 Kh8 {and now} 63. h4 {exploits that the
knight can not reach his boss safely:} gxh4 64. Rd4 Ne2 (64... Ng2 $6 {runs
into} 65. Kg6 $18 {[%cal Gd4d8]}) 65. Rg4 h5 66. Rxh4 Ng3 67. Kf7 Kh7 68. Rh3
Kh6 69. Rxg3 h4 70. Rg8 Kh5 71. Kf6 h3 72. Kf5 Kh4 73. Kf4 $18 {[%cal Gg8h8]})
54. Ke4 $5 {The a-pawn is not running away. So the king just marches on.} g4 (
54... h4 55. Rxa6 Kf7 56. Ke5 g4 57. Rf6+ Ke7 58. Rg6 Kf7 59. Rxg4 $18) 55. Kf4
Ne6+ 56. Kf5 Nd4+ (56... Ng7+ 57. Kg6 Ne8 58. Kxh5 Nf6+ 59. Kg6 Ne8 60. Rxa6
$18) 57. Kg6 Kf8 58. Kxh5 Nf3 59. Kxg4 Nxh2+ 60. Kf4 {[%csl Gf4,Gh2]} Nf1 61.
Rd7 {[%cal Gf4e3,Gf4g3,Gd7d2] Full domination!} (61. Rd7 Ke8 62. Rd1 Nh2 63.
Rh1 $18) 1-0